<?xml version="1.0" encoding="UTF-8"?><?xml-stylesheet type="text/xsl" href="static/style.xsl"?><OAI-PMH xmlns="http://www.openarchives.org/OAI/2.0/" xmlns:xsi="http://www.w3.org/2001/XMLSchema-instance" xsi:schemaLocation="http://www.openarchives.org/OAI/2.0/ http://www.openarchives.org/OAI/2.0/OAI-PMH.xsd"><responseDate>2026-04-27T06:28:21Z</responseDate><request verb="GetRecord" identifier="oai:repisalud.isciii.es:20.500.12105/11950" metadataPrefix="marc">https://repisalud.isciii.es/rest/oai/request</request><GetRecord><record><header><identifier>oai:repisalud.isciii.es:20.500.12105/11950</identifier><datestamp>2025-06-25T11:57:18Z</datestamp><setSpec>com_20.500.12105_8140</setSpec><setSpec>com_20.500.12105_5570</setSpec><setSpec>com_20.500.12105_2404</setSpec><setSpec>com_20.500.12105_2403</setSpec><setSpec>col_20.500.12105_8166</setSpec></header><metadata><record xmlns="http://www.loc.gov/MARC21/slim" xmlns:dcterms="http://purl.org/dc/terms/" xmlns:doc="http://www.lyncode.com/xoai" xmlns:xsi="http://www.w3.org/2001/XMLSchema-instance" xsi:schemaLocation="http://www.loc.gov/MARC21/slim http://www.loc.gov/standards/marcxml/schema/MARC21slim.xsd">
   <leader>00925njm 22002777a 4500</leader>
   <datafield ind2=" " ind1=" " tag="042">
      <subfield code="a">dc</subfield>
   </datafield>
   <datafield ind2=" " ind1=" " tag="720">
      <subfield code="a">Palomino Baldeon, Juan Carlos</subfield>
      <subfield code="e">author</subfield>
   </datafield>
   <datafield ind2=" " ind1=" " tag="260">
      <subfield code="c">2010-12</subfield>
   </datafield>
   <datafield ind2=" " ind1=" " tag="520">
      <subfield code="a">[ES] Introducción: El Síndrome Metabólico (SM) aumenta el riesgo de enfermedad cardiovascular y diabetes. Nuestro objetivo es conocer la prevalencia del SM en nuestra población y conocer la diferencia de prevalencias de SM entre trabajadores que trabajan en zona industrial y zona administrativa u oficina, independientemente de la ocupación específica. Materiales y Métodos: La población fue dividida en zona industrial (Tipo 1) y no industrial u oficina (Tipo 2). Es un estudio Caso Control; la exposición es el trabajo en zona industrial y la enfermedad es la presencia de SM. Se utilizó un modelo multivariado usando la regresión linear. Resultados: 891 trabajadores fueron evaluados, población Tipo 1 fue 722 (81,03%) y población Tipo 2 fue 169 (18,97%). La prevalencia de SM fue 27,83%. La prevalencia de SM en población Tipo 1 y Tipo 2 fue de 28,94% y 23,07% respectivamente, p &lt; 0,05. Se encontró p &lt; 0,01 para edad, IMC (Índice de Masa Corporal), tensión arterial, glicemia, triglicéridos y HDL. El riesgo relativo del trabajo Tipo 1 para tener SM fue de 1,358 IC (1,19-2,45). Conclusión: Trabajadores Tipo 1 tienen mayor riesgo de SM debido a una alimentación rica en calorías y menor esfuerzo físico en las actividades de su puesto de trabajo específico. [EN] Introduction: The Metabolic Syndrome (MS) raises Diabetes and Cardiovascular disease risks. Our goal is to know MS prevalence in our population and to know the difference of MS prevalence between workers that work in an industrial zone versus administrative or office zone independently of their specific occupation. Materials and methods: Population was divided in industrial zone (Type 1) and non industrial or office zone (Type 2). It is a Case-Control study; the exposure is the job in industrial zone and the disease is the presence of MS. A multivariate model using lineal regression was used. Results: 891 workers were evaluated, Type 1 population was 722 (81.03%) and Type 2 population was 169 (18.97%). MS prevalence was 27.83%. Type 1 MS prevalence was 28.94% and Type 2 MS prevalence was 23.07%, p &lt; 0.05. It was found p&lt;0.01 for age, Body mass index (BMI), Arterial Tension, Glycemia, triglycerides and HDL measures. Relative risk of Type 1 job for complaint MS was 1.358 CI (1.19-2.45). Conclusion: Those Type 1 workers have more risk of MS because of high calories food consumption and less physical effort overcoat in specific job activities.</subfield>
   </datafield>
   <datafield ind1="8" ind2=" " tag="024">
      <subfield code="a">Med Segur Trab 2010; Vol.56 Nº 221;280-287</subfield>
   </datafield>
   <datafield ind1="8" ind2=" " tag="024">
      <subfield code="a">0465-546X</subfield>
   </datafield>
   <datafield ind1="8" ind2=" " tag="024">
      <subfield code="a">http://hdl.handle.net/20.500.12105/11950</subfield>
   </datafield>
   <datafield ind1="8" ind2=" " tag="024">
      <subfield code="a">10.4321/S0465-546X2010000400004</subfield>
   </datafield>
   <datafield ind1="8" ind2=" " tag="024">
      <subfield code="a">1989-7790</subfield>
   </datafield>
   <datafield ind1="8" ind2=" " tag="024">
      <subfield code="a">Medicina y Seguridad del Trabajo</subfield>
   </datafield>
   <datafield tag="653" ind2=" " ind1=" ">
      <subfield code="a">Síndrome metabólico</subfield>
   </datafield>
   <datafield tag="653" ind2=" " ind1=" ">
      <subfield code="a">Lugar de trabajo</subfield>
   </datafield>
   <datafield tag="653" ind2=" " ind1=" ">
      <subfield code="a">productividad laboral</subfield>
   </datafield>
   <datafield tag="653" ind2=" " ind1=" ">
      <subfield code="a">Syndrome</subfield>
   </datafield>
   <datafield tag="653" ind2=" " ind1=" ">
      <subfield code="a">Job Placement</subfield>
   </datafield>
   <datafield tag="653" ind2=" " ind1=" ">
      <subfield code="a">Worker</subfield>
   </datafield>
   <datafield tag="653" ind2=" " ind1=" ">
      <subfield code="a">Productivity</subfield>
   </datafield>
   <datafield ind2="0" ind1="0" tag="245">
      <subfield code="a">Síndrome metabólico y puesto de trabajo</subfield>
   </datafield>
</record></metadata></record></GetRecord></OAI-PMH>